000 00609nam a22002417a 4500
003 UA-OsUOA
001 29696
007 ta
008 20041025b un ||||| |||| 00| 0 ukr d
100 _aКирилюк Є.
090 _a82.09(477)
_bК43
942 _cBK
040 _aUA-OsUOA
_bukr
_cUA-OsUOA
_dUA-OsUOA
245 _aВічний революціонер
_bЖиття і творчість Івана Франка
300 _a420 с.
955 _a0
041 _aukr
080 _a82.09(477)
260 _aКиїв
_bДніпро
_c1966
044 _aUA
650 7 _2UDC
999 _c316092
_d316092